Freakonomics / (Registro nro. 4869)

Detalles MARC
000 -LEADER
fixed length control field 01469nam a2200325Ia 4500
003 - CONTROL NUMBER IDENTIFIER
control field OSt
005 - DATE AND TIME OF LATEST TRANSACTION
control field 20200723141452.0
008 - FIXED-LENGTH DATA ELEMENTS--GENERAL INFORMATION
fixed length control field 191128s2009 ck gr 001 0 spa d
020 ## - INTERNATIONAL STANDARD BOOK NUMBER
International Standard Book Number 9788498723311
040 ## - CATALOGING SOURCE
Original cataloging agency CO-JMCR
Transcribing agency CO-JMCR
041 1# - LANGUAGE CODE
Language code of text/sound track or separate title spa
Language code of original eng
082 04 - DEWEY DECIMAL CLASSIFICATION NUMBER
Classification number 331 /
Item number L283f
Edition number 23
100 1# - MAIN ENTRY--PERSONAL NAME
Personal name Levitt, Steven D.,
Relator term autor
9 (RLIN) 3967
245 10 - TITLE STATEMENT
Title Freakonomics /
Statement of responsibility, etc. Steven D. Levitt y Stephen J. Dubner ; traducción, Andrea Montero
250 ## - EDITION STATEMENT
Edition statement 1a edición
260 ## - PUBLICATION, DISTRIBUTION, ETC.
Place of publication, distribution, etc. Bogotá :
Name of publisher, distributor, etc. Ediciones B ;
Date of publication, distribution, etc. 2009.
300 1# - PHYSICAL DESCRIPTION
Extent 325 páginas ;
Dimensions 20 cm.
490 ## - SERIES STATEMENT
Series statement Bolsillo zeta. Divulgación ;
Volume/sequential designation 2946, 1.
500 ## - GENERAL NOTE
General note Incluye índice temático páginas 313-325.
505 0# - FORMATTED CONTENTS NOTE
Formatted contents note ¿Qué tienen en común un maestro de escuela y un luchador de sumo? -- ¿En qué se parece el Ku Klux Klan a un grupo de agentes inmobiliarios? -- ¿Por qué continúan viviendo los traficantes de drogas con sus madres?
520 0# - SUMMARY, ETC.
Summary, etc. Se trata de especialistas que estudian la esencia y los enigmas de la vida cotidiana y cuyas conclusiones, con frecuencia, ponen patas arriba la sabiduría convencional. A través de ejemplos prácticos y de una sárcastica perspicacia.
534 ## - ORIGINAL VERSION NOTE
Introductory phrase Freakonomics
546 ## - LANGUAGE NOTE
Language note Traducido del inglés
650 14 - SUBJECT ADDED ENTRY--TOPICAL TERM
Topical term or geographic name entry element Economía
9 (RLIN) 7677
650 24 - SUBJECT ADDED ENTRY--TOPICAL TERM
Topical term or geographic name entry element Aspectos psicológicos
9 (RLIN) 1594
650 24 - SUBJECT ADDED ENTRY--TOPICAL TERM
Topical term or geographic name entry element Economía
General subdivision Aspectos sociales
9 (RLIN) 7678
700 1# - ADDED ENTRY--PERSONAL NAME
Personal name Dubner, Stephen J.,
Relator term autor
9 (RLIN) 4558
700 1# - ADDED ENTRY--PERSONAL NAME
Personal name Montero, Andrea,
Relator term traductora
9 (RLIN) 4559
942 ## - ADDED ENTRY ELEMENTS (KOHA)
Source of classification or shelving scheme Dewey Decimal Classification
Koha item type Books
Existencias
Withdrawn status Lost status Source of classification or shelving scheme Materials specified (bound volume or other part) Damaged status Not for loan Home library Current library Shelving location Date acquired Source of acquisition Total Checkouts Full call number Barcode Date last seen Date last checked out Copy number Price effective from Koha item type
    Dewey Decimal Classification Donación--15/04/2018--     Biblioteca Pública José María del Castillo y Rada Biblioteca Pública José María del Castillo y Rada General Stacks 11/28/2019 Donación 3 331 / L283f 430000847 04/13/2026 04/13/2026 Ej.1 11/28/2019 Books